<?xml version="1.0" encoding="UTF-8"?>
<resp>
  <nextPage>https://data.bn.org.pl/api/networks/bibs.marcxml?marc=001+b00001150001316&amp;sinceId=1150001317</nextPage>
  <collection>
    <record xmlns='http://www.loc.gov/MARC21/slim'><leader>00973namZa2200313ZiZ4500</leader><controlfield tag='001'>b00001150001316</controlfield><controlfield tag='005'>20241203220219.1</controlfield><controlfield tag='008'>230609s        pl           |000 0 pol c</controlfield><controlfield tag='009'>9913261985705606</controlfield><datafield ind1=' ' ind2=' ' tag='020'><subfield code='a'>8385558381</subfield></datafield><datafield ind1=' ' ind2=' ' tag='035'><subfield code='a'>KR_1KR_1_20120317225030021527-48omnis_kr</subfield></datafield><datafield ind1=' ' ind2=' ' tag='035'><subfield code='a'>KR_1_20120317225030021527</subfield><subfield code='9'>ExL</subfield></datafield><datafield ind1=' ' ind2=' ' tag='035'><subfield code='a'>(PL)b00001150001316</subfield></datafield><datafield ind1=' ' ind2=' ' tag='040'><subfield code='a'>KR_1</subfield><subfield code='c'>KR_1</subfield></datafield><datafield ind1='1' ind2=' ' tag='041'><subfield code='a'>pol</subfield><subfield code='h'>ger</subfield></datafield><datafield ind1='1' ind2=' ' tag='100'><subfield code='a'>Carlsson, Sonja</subfield></datafield><datafield ind1='1' ind2='0' tag='245'><subfield code='a'>Koktajle z mlekiem :</subfield><subfield code='b'>zdrowe, świeże, oryginalne /</subfield><subfield code='c'>Sonja Carlsson ; [przekł. Brygida Maciborska].</subfield></datafield><datafield ind1=' ' ind2=' ' tag='260'><subfield code='a'>Warszawa :</subfield><subfield code='b'>Warszawski Dom Wydawniczy,</subfield><subfield code='c'>[1993].</subfield></datafield><datafield ind1=' ' ind2=' ' tag='300'><subfield code='a'>64 s. :</subfield><subfield code='b'>fot. kolor. ;</subfield><subfield code='c'>22 cm.</subfield></datafield><datafield ind1='1' ind2=' ' tag='490'><subfield code='a'>Smakosz</subfield></datafield><datafield ind1=' ' ind2=' ' tag='500'><subfield code='a'>n</subfield></datafield><datafield ind1=' ' ind2=' ' tag='504'><subfield code='a'>Indeks.</subfield></datafield><datafield ind1='1' ind2=' ' tag='700'><subfield code='a'>Maciborska, Brygida</subfield><subfield code='e'>tł</subfield></datafield><datafield ind1=' ' ind2=' ' tag='852'><subfield code='b'>48OMNIS_NETWORK</subfield><subfield code='8'>9913261985705606</subfield></datafield><datafield ind1=' ' ind2=' ' tag='852'><subfield code='b'>48OMNIS_KR</subfield><subfield code='8'>991000013159708216</subfield></datafield><datafield ind1=' ' ind2=' ' tag='920'><subfield code='a'>83-85558-38-1</subfield></datafield></record>
  </collection>
</resp>
